| 000 | 00918nam a2200217Ia 4500 | ||
|---|---|---|---|
| 999 |
_c5703 _d5703 |
||
| 003 | OSt | ||
| 005 | 20200325171843.0 | ||
| 008 | 191128s1985 ck a gr 001 0 spa d | ||
| 040 |
_aCO-JMCR _cCO-JMCR |
||
| 082 | 0 | 4 |
_a005.740285 / _bC733m |
| 110 | 2 |
_aComisión Nacional de Sistemas _91879 |
|
| 245 | 2 | 0 |
_aMetodología para el desarrollo y documentación de sistemas / _cComisión Nacional de Sistemas |
| 260 |
_aBogota : _bDane, _c1985 |
||
| 300 |
_a90 páginas : _bilustraciones en blanco y negro ; _c23 CM. |
||
| 300 | _b | ||
| 505 | _aMatriz y actividades -- Generalidades -- Instrucciones generales -- Solicitud de sistematización (Proc.01) -- Identificación de salida (Pro. 02) -- Indentificación de entradas (Pro. 03) -- Diagrma generalizado del sistema (Pro. 04) -- Recursos necesarios | ||
| 546 | _aspa | ||
| 650 | 1 | 4 |
_aServicios públicos _91880 |
| 650 | 2 | 4 |
_aProcedimientos _91881 |
| 942 |
_2ddc _cBK |
||